Library Banner

Islamic ideology/ (Record no. 96812)

MARC details
000 -LEADER
fixed length control field 00395nam a22001457a 4500
005 - DATE AND TIME OF LATEST TRANSACTION
control field 20170809154832.0
008 - FIXED-LENGTH DATA ELEMENTS--GENERAL INFORMATION
fixed length control field 170809b xxu||||| |||| 00| 0 eng d
040 ## - CATALOGING SOURCE
Transcribing agency PK-LaUMT
082 ## - DEWEY DECIMAL CLASSIFICATION NUMBER
Classification number ZIAC 297.01
Item number KHA-I
100 ## - MAIN ENTRY--PERSONAL NAME
Personal name Khalifa Abdul Hakim
245 ## - TITLE STATEMENT
Title Islamic ideology/
Statement of responsibility, etc Khalifa Abdul Hakim
260 ## - PUBLICATION, DISTRIBUTION, ETC. (IMPRINT)
Place of publication, distribution, etc Lahore:
Name of publisher, distributor, etc The institute of Islamic culture,
Date of publication, distribution, etc 1951
300 ## - PHYSICAL DESCRIPTION
Extent 350 p.
942 ## - ADDED ENTRY ELEMENTS (KOHA)
Koha item type Books
Holdings
Withdrawn status Lost status Damaged status Home library Current library Date acquired Full call number Barcode Date last seen Price effective from Koha item type
      UMT Main Campus UMT Main Campus 2017-08-09 ZIAC 297.01 KHA-I 112476 2017-08-09 2017-08-09 Books